Statistics for The Little Mermaid "Under the Sea" Fill in the Blank Lyrics

Click here to take the quiz!

General Stats

  • This quiz has been taken 124 times
  • The average score is 35 of 79

Answer Stats

HintAnswer% Correct
But that is a ___ mistakebig
88%
_____ ___ ___Under the sea
88%
_____ ___ ___Under the sea
88%
_____ ___ ___Under the sea
88%
_____ ___ ___Under the sea
88%
_____ ___ ___Under the sea
88%
Yeah,_____ ___ ___Under the sea
88%
_____ ___ ___Under the sea
88%
_____ ___ ___Under the sea
88%
_____ ___ ___Under the sea
88%
_____ ___ ___Under the sea
88%
_____ ___ ___Under the sea
88%
_____ ___ ___Under the sea
88%
Oh, no, _____ ___ ___under the sea
88%
The seaweed is ______ _______always greener
87%
Down where it's ______wetter
85%
Just look at the world ______ ___around you
84%
Right here __ ___ _____ _____on the ocean floor
81%
____ __ ____ __Take it from me
79%
You _____ about going up theredream
77%
Such _________ things surround youwonderful
75%
In somebody ____'_ ____else's lake
73%
_______ it's betterDarling
72%
____ ____ is you lookin' for?What more
69%
Up on the _____ they ____ all dayshore, work
64%
__ fricasseeIn
53%
Guess who's gon' be on the _____?plate
49%
As off through the _____ they rollwaves
48%
Down here ___ ___ ____ is happyall the fish
47%
Nobody ____ usbeat
45%
Fry __ ___ ___ us
us and eat
45%
Full time to _______'Floatin
44%
The fish __ ___ ____ ain't happyon the land
44%
___ __ ___ ___ they slave awayOut in the sun
44%
The carp play the ____harp
43%
But fish in the bowl is _____lucky
43%
They in for a ______ ____worser fate
43%
While we _______'Devotin
41%
The plaice play the ____bass
39%
The newt play the _____flute
36%
The ray he can ____
play
36%
They get the urge 'n' start to ____play
36%
And oh that blowfish ____blow
35%
Life is the _______bubbles
35%
___ ___ when the boss get hungryOne day
32%
What do they got? A lot of ____sand
32%
We got no ________troubles
32%
They know where it's __at
31%
And they soundin' _____sharp
31%
We got a hot crustacean ____band
29%
They sad 'cause they __ _____ ____in their bowl
27%
The bass play the _____brass
25%
You got to ____ ithear
24%
Know how to ___ herejam
23%
The blackfish she _____sings
23%
Each little ____ hereclam
21%
The lings on the _______strings
21%
The _____ is the duke of soulfluke
20%
The chub play the ___tub
20%
It's _____ to memusic
19%
The trout ______' outrockin
19%
We got the ______spirit
19%
Under the _____water
17%
That's why it's ______hotter
16%
We what the ____ _____ _____ to cookland folks loves
16%
Even the ________ and the ___sturgeon, ray
16%
______' a rug hereCuttin
15%
The smelt and the _____sprat
15%
_____ the beguineBegin
13%
When the _______sardine
13%
We ___ ___ ____ heregot the beat
12%
_________Naturally
12%
Since ____ __ _____ herelife is sweet
11%
Each ______ ____ herelittle slug
11%
Know ___ __ ____ herehow to wail
8%
Down __ ___ ____ herein the muck
8%
Each ______ _____ herelittle snail
8%
Ya __ __ ____ herewe in luck
8%
Under the sea we off the hookUnder the sea, hook
1%

Score Distribution

Percentile by Number Answered

Percent of People with Each Score

Your Score History

You have not taken this quiz